000
00275nam a2200109Ia 4500
008
191201s2014 xx 000 0 und d
100
_a
BHALLA,Pankaj
245
0
_a
Machine Design and Drawing
260
_c
2014
_b
Ishan Publications
_a
New Delhi
300
_a
336
942
_2
ddc
_c
BK
999
_c
8101
_d
8101